Countries of Africa with +10M people-Sudden Death - Statistics

General Stats
  • This quiz has been taken 48 times
  • The average score is 15 of 32
Answers on the Grid
Answers color-coded by a green-red scale on the quiz's grid according to % correct below.
Algeria
Angola
Benin
Botswana
Burkina Faso
Burundi
Cabo Verde
Cameroon
Central African Republic
Chad
Comoros
Côte d’Ivoire
Democratic Republic of the Congo
Djibouti
Egypt
Equatorial Guinea
Eritrea
Eswatini
Ethiopia
Gabon
Gambia
Ghana
Guinea
Guinea-Bissau
Kenya
Lesotho
Liberia
Libya
Madagascar
Malawi
Mali
Mauritania
Mauritius
Morocco
Mozambique
Namibia
Niger
Nigeria
Republic of the Congo
Rwanda
São Tomé and Principe
Senegal
Seychelles
Sierra Leone
Somalia
South Africa
South Sudan
Sudan
Tanzania
Togo
Tunisia
Uganada
Zambia
Zimbabwe
 
Answer Stats
Answer % Correct
Algeria
90%
Ethiopia
79%
Egypt
76%
Democratic Republic of the Congo
69%
Ghana
66%
Angola
62%
Cameroon
62%
Kenya
62%
Morocco
62%
Nigeria
59%
South Africa
59%
Sudan
59%
Tanzania
52%
Madagascar
48%
Côte d’Ivoire
45%
Uganada
45%
Somalia
41%
Mali
38%
Mozambique
38%
Niger
38%
Senegal
34%
Zambia
34%
Zimbabwe
34%
Burkina Faso
28%
Chad
28%
Benin
24%
Rwanda
24%
South Sudan
24%
Tunisia
24%
Burundi
21%
Guinea
21%
Malawi
17%
No matching quizzes found
Score Distribution
Percent of People with Each Score
Percentile by Number Answered
Your Score History
You have not taken this quiz